000 00674cam a2200193 i 4500
005 20251203103500.0
008 250721s1997 jo gr 000 0 ara d
082 1 4 _a214.2
_bم ص ر
100 1 _aالمصراتي، علي محمد.
_eمؤلف.
245 1 0 _aمن عقيدة المسلمين في صفات رب العالمين بمنهج أهل السنة و الجماعة /
_cمؤلف.
250 _aالطبعه الاولى.
264 3 1 _aعمان :
_bدار اليبارق،
_c1997.
300 _a208صفحة.
650 1 7 _aالله.
650 1 7 _aالعقيدة الدينية.
650 1 7 _aالإسلام.
942 _2ddc
_cBK
999 _c18237
_d18237